000 01338nab a2200229 i 4500
001 768714001
003 CO-MdFUSB
005 20240731164307.0
008 240731t1990 -us||||| |||| 00| 0 eng d
040 _bspa
_cCO-MdFUSB
_dCO-MdFUSB
041 _aeng
100 _aKlaiber, Jeffrey L.,
_eautor
245 _aToward a new history of the church in the third world
_c/ Jeffrey L. Klaiber
520 _aEn junio de 1989, un grupo de historiadores católicos y protestantes se reunió en Londres para elaborar un proyecto de escritura de la historia de las iglesias cristianas en el Tercer Mundo desde una nueva perspectiva. En realidad, este proyecto nació como una derivación de la Asociación Ecuménica de Teólogos del Tercer Mundo (EATWOT). En 1983, en Ginebra, la EATWOT nombró el Comité de Trabajo sobre Historia de la Iglesia en el Tercer Mundo, y ahora el proyecto está finalmente en marcha.
546 _aTexto en inglés.
650 0 _aHistoria de la Iglesia
_9153
650 0 _a Ecumenismo
_xHistoria
_91146
650 7 _aCristianismo y cultura
_vHistoria
_96963
773 0 _049483
_982856
_oR2720
_tInternational Bulletinof Missionary Research
_w(CO-MdFUSB)768714001
_x0272-6122
_gVolumen 14, (número 3, 1990), páginas: 105 - 108
_qpágina: 105
942 _cANA
945 _aCatherine Arias Álvarez - Practicante SENA
999 _c70664
_d70664